|
|
|
|
| LEADER |
02934nam a22003733i 4500 |
| 001 |
EBC30686202 |
| 003 |
MiAaPQ |
| 005 |
20231204023231.0 |
| 006 |
m o d | |
| 007 |
cr cnu|||||||| |
| 008 |
231204s2019 xx o ||||0 ger d |
| 020 |
|
|
|a 9783034338592
|q (electronic bk.)
|
| 035 |
|
|
|a (MiAaPQ)EBC30686202
|
| 035 |
|
|
|a (Au-PeEL)EBL30686202
|
| 035 |
|
|
|a (OCoLC)1229893127
|
| 040 |
|
|
|a MiAaPQ
|b eng
|e rda
|e pn
|c MiAaPQ
|d MiAaPQ
|
| 100 |
1 |
|
|a Maurer, Dieter.
|
| 245 |
1 |
0 |
|a Wie Bilder «entstehen». :
|b Bildarchiv Europa und Materialien [Band 2].
|
| 250 |
|
|
|a 1st ed.
|
| 264 |
|
1 |
|a Bern :
|b Peter Lang AG International Academic Publishers,
|c 2019.
|
| 264 |
|
4 |
|c {copy}2019.
|
| 300 |
|
|
|a 1 online resource (97 pages)
|
| 336 |
|
|
|a text
|b txt
|2 rdacontent
|
| 337 |
|
|
|a computer
|b c
|2 rdamedia
|
| 338 |
|
|
|a online resource
|b cr
|2 rdacarrier
|
| 505 |
0 |
|
|a Cover -- Frühe graphische Äusserungen -- Entwicklung eines Kindes -- Allgemeine Entwicklung -- Anfänge auf Papier - Erstes Lebensjahr -- Phase 1 - Ende erstes und Beginn zweites Lebensjahr -- Phase 2 - Zweites Lebensjahr -- Phase 2 - Zweites Lebensjahr - Fortsetzung -- Phase 3 - Übergang zweites zu drittes Lebensjahr -- Phase 3 - Übergang zweites zu drittes Lebensjahr - Fortsetzung -- Phase 4 - Drittes und viertes Lebensjahr -- Phase 4 - Drittes und viertes Lebensjahr - Fortsetzung -- Phase 4 - Drittes und viertes Lebensjahr - Fortsetzung -- Phase 5 - Zweite Hälfte viertes sowie fünftes Lebensjahr -- Legende -- Wie Bilder «entstehen» - Bildarchiv Europa und Materialien -- Inhaltsverzeichnis -- Teil 0 -- Einführung -- Teil 1 -- Lehrgang und Bildarchiv - Installation und Aufruf -- Einleitung [1-0] -- Allgemeine Vorgehensweisen [1-1] -- Mac [1-2] -- Windows [1-3] -- Andere Betriebssysteme [1-4] -- Teil 2 -- Lehrgang und Bildarchiv - Inhalt und Nutzung -- Einleitung [2-0] -- Lehrgang [2-1] -- Bildarchiv [2-2] -- Parallele Nutzung [2-3] -- Illustration -- Illustration der DVD.
|
| 520 |
|
|
|a Im Zentrum des vorliegenden zweiten Bands zur Bildentwicklung im frühen Kindesalter stehen eine Illustration einer einzelnen Entwicklung, eine Illustration der allgemeinen Entwicklungsstruktur anhand von Bildmerkmalen und die Erläuterung des Online-Bildarchivs, Grundlage der im ersten Band dargestellten empirischen Untersuchung.
|
| 588 |
|
|
|a Description based on publisher supplied metadata and other sources.
|
| 590 |
|
|
|a Electronic reproduction. Ann Arbor, Michigan : ProQuest Ebook Central, 2023. Available via World Wide Web. Access may be limited to ProQuest Ebook Central affiliated libraries.
|
| 655 |
|
4 |
|a Electronic books.
|
| 700 |
1 |
|
|a Riboni, Claudia.
|
| 776 |
0 |
8 |
|i Print version:
|a Maurer, Dieter
|t Wie Bilder «entstehen».
|d Bern : Peter Lang AG International Academic Publishers,c2019
|
| 797 |
2 |
|
|a ProQuest (Firm)
|
| 856 |
4 |
0 |
|u https://ebookcentral.proquest.com/lib/matrademy/detail.action?docID=30686202
|z Click to View
|